00350nam a22001097a 4500082000800000100001800008245009300026260003700119300001900156650004400175700002100219 a005 aBashir, Rabia aIWSS: Intelligent Web Service Selection for Service-Oriented Application /cRabia Bashir aIslamabad :bCEME - NUST,c2012. a84 p. ;c30cm. aComputer Software Engineering-MS-Thesis aDr. Aasia Khanum